000
00278nam a2200121 a 4500
008
101213s1956|||| d
245
1
0
_a
Bedřich Smetana
100
1
_a
Pražák, Přemysl
260
_b
Osveta
_a
Martin
_c
1956
020
_c
14,05
044
_a
xo
_c
SK
041
_a
slo
999
_c
15211
_d
15211